[Event "Yerevan (ol)"]
[Site "?"]
[Date "1996.??.??"]
[Round "?"]
[White "Ivanchuk, V."]
[Black "Ehlvest, J."]
[Result "1-0"]
[WhiteElo "2730"]
[BlackElo "2660"]
[PlyCount "80"]
[EventDate "1996.??.??"]
[Source "ChessBase"]
[SourceDate "1996.06.01"]

1. d4 Nf6 2. c4 e6 3. Nf3 d5 4. Nc3 Be7 5. Bg5 O-O 6. e3 Nbd7 7. Rc1 c6 8. Bd3 dxc4 9. Bxc4 Nd5 10. Bxe7 Qxe7 11. Ne4 N5f6 12. Ng3 Rd8 13. O-O c5 14. e4 cxd4 15. e5 Ne8 16. Re1 Nf8 17. Nxd4 Ng6 18. Qd2 b6 19. f4 Qh4 20. Nge2 Bb7 21. Qe3 Rac8 22. Bd3 Nc7 23. Be4 Nd5 24. Qf3 Qe7 25. a3 Qe8 26. Rxc8 Rxc8 27. f5 Nxe5 28. Qg3 Nd7 29. fxe6 fxe6 30. Nc3 N7f6 31. Bf5 Nh5 32. Qf3 Kh8 33. Bxe6 Nhf4 34. Nxd5 Nxd5 35. Qf2 Nf6 36. Bxc8 Qxc8 37. h3 h6 38. Ne6 Qd7 39. Qd4 Nd5 40. Nxg7 Qxg7 1-0

[Event "Yerevan (ol)"]
[Site "?"]
[Date "1996.??.??"]
[Round "?"]
[White "Topalov, Veselin"]
[Black "Yermolinsky, A."]
[Result "1/2-1/2"]
[WhiteElo "2750"]
[BlackElo "2610"]
[PlyCount "100"]
[EventDate "1996.??.??"]
[Source "ChessBase"]
[SourceDate "1996.10.01"]

1. Nf3 Nf6 2. c4 e6 3. Nc3 d5 4. d4 Nbd7 5. Bg5 Be7 6. e3 O-O 7. Rc1 c6 8. Bd3 dxc4 9. Bxc4 Nd5 10. Bxe7 Qxe7 11. Ne4 N5f6 12. Ng3 e5 13. O-O exd4 14. Nf5 Qd8 15. N5xd4 Nb6 16. Bd3 Qe7 17. Qc2 Bg4 18. a3 Rad8 19. Rfe1 Nbd7 20. Ng5 h6 21. Nh7 Rfe8 22. h3 Be6 23. Nxf6+ Qxf6 24. Bf1 Bd5 25. f3 Ne5 26. Qf2 a6 27. b4 b5 28. Red1 Nc4 29. e4 Be6 30. Bxc4 Bxc4 31. Rd2 Rd7 32. Rcd1 Red8 33. f4 g5 34. fxg5 Qxg5 35. Nf3 Rxd2 36. Rxd2 Rxd2 37. Qxd2 Qe7 38. Qd4 a5 39. Qe5 Qa7+ 40. Nd4 axb4 41. axb4 Be6 42. Kh2 Qd7 43. Kg3 Kh7 44. Kf4 Qa7 45. Qc5 Qc7+ 46. Kf3 Qd7 47. Qe5 Kg8 48. Kg3 Kh7 49. Kh4 Qe7+ 50. Kg3 Qd7 1/2-1/2

[Event "Lee Cup"]
[Site "Beijing"]
[Date "1996.??.??"]
[Round "6"]
[White "Ftacnik, Lubomir"]
[Black "Ehlvest, Jaan"]
[Result "1/2-1/2"]
[WhiteElo "2610"]
[BlackElo "2660"]
[PlyCount "22"]
[EventDate "1996.08.??"]
[Source "ChessBase"]

1. Nf3 Nf6 2. c4 e6 3. Nc3 d5 4. d4 Be7 5. Bg5 O-O 6. e3 Nbd7 7. Rc1 c6 8. Bd3 dxc4 9. Bxc4 Nd5 10. Bxe7 Qxe7 11. O-O Nxc3 1/2-1/2

[Event "FRA-ch"]
[Site "Val d'Isere"]
[Date "2002.08.30"]
[Round "11"]
[White "Dorfman, Josif D"]
[Black "Bacrot, Etienne"]
[Result "1/2-1/2"]
[WhiteElo "2617"]
[BlackElo "2653"]
[PlyCount "31"]
[EventDate "2002.08.19"]
[Source "ChessBase"]
[SourceDate "2002.11.12"]

1. d4 Nf6 2. c4 e6 3. Nf3 d5 4. Nc3 Be7 5. Bg5 O-O 6. e3 Nbd7 7. Rc1 c6 8. Bd3 dxc4 9. Bxc4 Nd5 10. Bxe7 Qxe7 11. Ne4 N5f6 12. Ng3 Qb4+ 13. Qd2 Qxd2+ 14. Kxd2 b6 15. Ke2 Bb7 16. Rhd1 1/2-1/2

[Event "Belgrade"]
[Site "Belgrade"]
[Date "1989.??.??"]
[Round "?"]
[White "Jussupow, Artur"]
[Black "Ehlvest, Jaan"]
[Result "1/2-1/2"]
[WhiteElo "2610"]
[BlackElo "2620"]
[PlyCount "27"]
[EventDate "1989.11.??"]
[Source "ChessBase"]

1. d4 d5 2. c4 e6 3. Nf3 Be7 4. Nc3 Nf6 5. Bg5 O-O 6. e3 Nbd7 7. Rc1 c6 8. Bd3 dxc4 9. Bxc4 Nd5 10. Bxe7 Qxe7 11. O-O Nxc3 12. Rxc3 b6 13. Bd3 c5 14. Bb5 1/2-1/2

[Event "Politiken Cup"]
[Site "Copenhagen"]
[Date "2001.07.20"]
[Round "6"]
[White "Nielsen, Peter Heine"]
[Black "Gurevich, Mikhail"]
[Result "1/2-1/2"]
[WhiteElo "2593"]
[BlackElo "2633"]
[PlyCount "77"]
[EventDate "2001.07.16"]
[Source "ChessBase"]
[SourceDate "2001.09.11"]

1. d4 d5 2. c4 c6 3. Nf3 Nf6 4. Nc3 e6 5. Bg5 Nbd7 6. e3 Be7 7. Bd3 O-O 8. O-O dxc4 9. Bxc4 Nd5 10. Bxe7 Qxe7 11. Rc1 b6 12. Bd3 Bb7 13. Nxd5 exd5 14. Qe2 Nf6 15. Rc2 a5 16. Rfc1 Rfc8 17. Rc3 g6 18. Qc2 Rc7 19. Qb3 Nd7 20. Qa3 Qxa3 21. bxa3 c5 22. Bb5 Bc6 23. Rb1 Bxb5 24. Rxb5 Rac8 25. Kf1 cxd4 26. Rxc7 Rxc7 27. Nxd4 Rc1+ 28. Ke2 Ra1 29. Nc2 Rxa2 30. Kd1 Ne5 31. Rxb6 Nc4 32. Rb3 a4 33. Rb8+ Kg7 34. Kc1 Nxa3 35. Nxa3 Rxa3 36. Kb2 Rd3 37. Kc2 Ra3 38. Kb2 Rd3 39. Kc2 1/2-1/2

[Event "Bayern-chI Bank Hofmann"]
[Site "Bad Wiessee"]
[Date "1997.11.20"]
[Round "6"]
[White "Alterman, Boris"]
[Black "Hertneck, Gerald"]
[Result "1/2-1/2"]
[WhiteElo "2615"]
[BlackElo "2525"]
[PlyCount "61"]
[EventDate "1997.11.15"]
[Source "ChessBase"]
[SourceDate "1998.03.09"]

1. d4 Nf6 2. c4 e6 3. Nc3 d5 4. Bg5 Be7 5. e3 O-O 6. Nf3 Nbd7 7. Rc1 c6 8. Bd3 dxc4 9. Bxc4 Nd5 10. Bxe7 Qxe7 11. Ne4 N5f6 12. Ng3 e5 13. O-O exd4 14. Nf5 Qd8 15. Qxd4 Nb6 16. Bd3 Qxd4 17. N3xd4 Rd8 18. Rfd1 Kf8 19. Bb1 g6 20. Ng3 Nbd5 21. Nb3 Bg4 22. Rd4 Ne7 23. f3 Rxd4 24. Nxd4 Bd7 25. e4 b6 26. Rd1 c5 27. Nde2 Nc6 28. f4 Rd8 29. e5 Ne8 30. Be4 Be6 31. Rxd8 1/2-1/2

[Event "UKR-ch"]
[Site "Ordzhonikidze"]
[Date "2001.09.08"]
[Round "1"]
[White "Borovikov, Vladislav"]
[Black "Moroz, Alexander"]
[Result "1/2-1/2"]
[WhiteElo "2593"]
[BlackElo "2512"]
[PlyCount "42"]
[EventDate "2001.09.08"]
[Source "ChessBase"]
[SourceDate "2001.02.01"]

1. d4 d5 2. c4 e6 3. Nf3 Nf6 4. Nc3 Be7 5. Bg5 O-O 6. e3 Nbd7 7. Rc1 c6 8. Bd3 dxc4 9. Bxc4 Nd5 10. Bxe7 Qxe7 11. Ne4 Qb4+ 12. Qd2 Qxd2+ 13. Kxd2 N5f6 14. Ng3 Rd8 15. Rhd1 b6 16. Ke2 Bb7 17. a3 Kf8 18. Kf1 Rac8 19. Be2 Ke7 20. Ne1 c5 21. dxc5 Rxc5 1/2-1/2

[Event "World Open"]
[Site "Philadelphia, PA USA"]
[Date "1995.??.??"]
[Round "4"]
[White "Yermolinsky, Alex"]
[Black "Frias Pablaza, Victor J"]
[Result "1-0"]
[WhiteElo "2580"]
[BlackElo "2505"]
[PlyCount "107"]
[EventDate "1995.06.??"]
[Source "www.chesslib.no"]
[SourceDate "2004.05.04"]

1. d4 Nf6 2. Nf3 d5 3. c4 e6 4. Nc3 Be7 5. Bg5 Nbd7 6. e3 O-O 7. Rc1 c6 8. Bd3 dxc4 9. Bxc4 Nd5 10. Bxe7 Qxe7 11. Ne4 N5f6 12. Nxf6+ Qxf6 13. O-O Qe7 14. Qc2 Rd8 15. Rfd1 Nf8 16. Bd3 Bd7 17. a3 Be8 18. b4 f6 19. Qc5 Qf7 20. Be2 b6 21. Qc3 a5 22. Nd2 axb4 23. axb4 Qe7 24. Bf3 Ra4 25. Rb1 Rc8 26. Nc4 Rb8 27. Qb3 Ra7 28. Rdc1 Qd8 29. g3 Rc7 30. Rb2 Bf7 31. Qc3 Qe7 32. Bg2 Be8 33. e4 Nd7 34. e5 fxe5 35. dxe5 c5 36. Nd6 b5 37. f4 c4 38. Rd2 Nb6 39. Nxe8 Rxe8 40. Rd6 Nc8 41. Bc6 Rd8 42. Rxd8+ Qxd8 43. Bxb5 Nb6 44. Qe3 Rc8 45. f5 exf5 46. e6 Nd5 47. Qd4 c3 48. Bd7 Qg5 49. Rc2 Ne3 50. Rxc3 Rxc3 51. Qxc3 h5 52. Qc5 Ng4 53. e7 Nf6 54. Bxf5 1-0

[Event "ESP Team Ch"]
[Site "ESP"]
[Date "1992.??.??"]
[Round "?"]
[White "Milos, Gilberto"]
[Black "Morovic Fernandez, Ivan E"]
[Result "1/2-1/2"]
[WhiteElo "2515"]
[BlackElo "2565"]
[PlyCount "49"]
[EventDate "1992.??.??"]
[Source "www.chesslib.no"]
[SourceDate "2004.05.04"]

1. c4 e6 2. Nc3 d5 3. d4 Nf6 4. Bg5 Be7 5. e3 O-O 6. Nf3 Nbd7 7. Rc1 c6 8. Bd3 dxc4 9. Bxc4 Nd5 10. Bxe7 Qxe7 11. Ne4 e5 12. dxe5 Nxe5 13. Nxe5 Qxe5 14. Bxd5 cxd5 15. Nc3 Rd8 16. Qd4 Qxd4 17. exd4 Be6 18. Kd2 Rd6 19. Nd1 Ra6 20. Nc3 Rb6 21. b3 Bd7 22. Nd1 Bc6 23. Ne3 a5 24. Rb1 Bd7 25. f3 1/2-1/2

[Event "Buenos Aires Najdorf"]
[Site "Buenos Aires"]
[Date "1995.??.??"]
[Round "11"]
[White "Sorin, Ariel"]
[Black "Zarnicki, Pablo"]
[Result "1/2-1/2"]
[WhiteElo "2500"]
[BlackElo "2570"]
[PlyCount "40"]
[EventDate "1995.07.??"]
[Source "ChessBase"]

1. d4 Nf6 2. c4 e6 3. Nf3 d5 4. Nc3 Be7 5. Bg5 Nbd7 6. e3 c6 7. Rc1 O-O 8. Bd3 dxc4 9. Bxc4 Nd5 10. Bxe7 Qxe7 11. Ne4 N5f6 12. Ng3 c5 13. O-O a6 14. dxc5 Nxc5 15. b4 Nce4 16. Nxe4 Nxe4 17. Qd4 Nf6 18. Bb3 b5 19. Rfd1 Bb7 20. Ne5 Rfd8 1/2-1/2

[Event "Women-Veterans"]
[Site "Vienna AUT"]
[Date "1993.??.??"]
[Round "?"]
[White "Polgar, Zsuzsa"]
[Black "Ivkov, Borislav"]
[Result "1/2-1/2"]
[WhiteElo "2560"]
[BlackElo "2505"]
[PlyCount "63"]
[EventDate "1993.06.??"]
[Source "www.chesslib.no"]
[SourceDate "2004.05.04"]

1. d4 e6 2. c4 Nf6 3. Nf3 d5 4. Nc3 Be7 5. Bg5 O-O 6. e3 Nbd7 7. Rc1 c6 8. Bd3 dxc4 9. Bxc4 Nd5 10. Bxe7 Qxe7 11. Ne4 N5f6 12. Ng3 Qb4+ 13. Qd2 Qxd2+ 14. Kxd2 Rd8 15. Bd3 Nd5 16. a3 Ne7 17. Ne4 a5 18. Nd6 Nb6 19. Nxc8 Raxc8 20. Ng5 h6 21. Ne4 Nf5 22. Nc5 Nd6 23. Ke2 Nd7 24. Nb3 b6 25. a4 Kf8 26. Rc3 c5 27. dxc5 Nxc5 28. Nxc5 Rxc5 29. Rxc5 bxc5 30. Rc1 Rc8 31. b3 Ke7 32. h4 1/2-1/2

[Event "TCh-SWE 2003-4"]
[Site "Goteborg"]
[Date "2004.03.14"]
[Round "11"]
[White "Ivanov, Sergey"]
[Black "Gausel, Einar"]
[Result "1-0"]
[WhiteElo "2544"]
[BlackElo "2520"]
[PlyCount "63"]
[EventDate "2004.01.01"]
[Source "Roberto Alvarez"]
[SourceDate "2004.03.15"]

1. d4 d5 2. c4 c6 3. Nf3 Nf6 4. Nc3 e6 5. Bg5 Be7 6. e3 Nbd7 7. Bd3 O-O 8. O-O dxc4 9. Bxc4 Nd5 10. Bxe7 Qxe7 11. Rc1 Nxc3 12. Rxc3 b6 13. Bd3 c5 14. Be4 Rb8 15. Qa4 Bb7 16. Bxb7 Rxb7 17. Rfc1 a5 18. a3 Rfb8 19. Qb5 h6 20. h3 e5 21. Nxe5 Nxe5 22. dxe5 Qxe5 23. b4 axb4 24. axb4 h5 25. Rd3 g6 26. Rcd1 Qe8 27. Qc4 cxb4 28. Rd6 Kh7 29. R1d5 Re7 30. Qf4 f5 31. Qd4 Rg7 32. Rd7 1-0

[Event "Capablanca mem"]
[Site "Matanzas"]
[Date "1995.??.??"]
[Round "7"]
[White "Rodriguez Cespedes, Amador"]
[Black "Cifuentes Parada, Roberto"]
[Result "1/2-1/2"]
[WhiteElo "2520"]
[BlackElo "2535"]
[PlyCount "32"]
[EventDate "1995.05.??"]
[Source "ChessBase"]

1. d4 d5 2. c4 e6 3. Nc3 Nf6 4. Bg5 Be7 5. Nf3 O-O 6. e3 Nbd7 7. Rc1 c6 8. Bd3 dxc4 9. Bxc4 Nd5 10. Bxe7 Qxe7 11. Ne4 N5f6 12. Nxf6+ Qxf6 13. O-O e5 14. dxe5 Nxe5 15. Nxe5 Qxe5 16. Qe2 Be6 1/2-1/2

[Event "Berliner Sommer"]
[Site "Berlin"]
[Date "1997.??.??"]
[Round "9"]
[White "Lerner, Konstantin Z"]
[Black "Krogius, Nikolai V"]
[Result "1-0"]
[WhiteElo "2560"]
[BlackElo "2475"]
[PlyCount "109"]
[EventDate "1997.08.??"]
[Source "ChessBase"]
[SourceDate "1997.09.26"]

1. c4 e6 2. Nc3 d5 3. d4 Nf6 4. Bg5 Be7 5. e3 O-O 6. Rc1 Nbd7 7. Nf3 c6 8. Bd3 dxc4 9. Bxc4 Nd5 10. h4 Nxc3 11. Rxc3 Nf6 12. Rc2 b6 13. Ne5 Bb7 14. Qf3 Rc8 15. O-O h6 16. Bf4 Nd5 17. Bh2 c5 18. Rd2 cxd4 19. Rxd4 Bc5 20. Rg4 h5 21. Rg3 Bd6 22. Qxh5 Bxe5 23. Qxe5 Qf6 24. Rg4 Rfd8 25. Bxd5 Qxe5 26. Bxe5 Rxd5 27. Bxg7 f5 28. Rg3 Kf7 29. h5 f4 30. exf4 Rxh5 31. Be5 Rh7 32. Rd1 Bd5 33. a3 Ke7 34. Rc3 Rxc3 35. bxc3 Bc6 36. f3 Ke8 37. Rd6 Bd7 38. Rd4 Bc6 39. Rc4 Kd7 40. Bb8 b5 41. Rd4+ Kc8 42. Bd6 Bd5 43. Bc5 Bc4 44. Kf2 Rd7 45. Ke3 Rxd4 46. Bxd4 a5 47. Ke4 Bf1 48. g4 Be2 49. Ke5 Kd7 50. Kf6 Bxf3 51. g5 Bh5 52. g6 Ke8 53. Bc5 a4 54. Bb4 e5 55. fxe5 1-0

[Event "SUI-GP Wohlen"]
[Site "Wohlen"]
[Date "1993.??.??"]
[Round "7"]
[White "Baburin, Alexander E"]
[Black "Atlas, Valeri"]
[Result "1/2-1/2"]
[WhiteElo "2550"]
[BlackElo "2470"]
[PlyCount "24"]
[EventDate "1993.??.??"]
[Source "www.chesslib.no"]
[SourceDate "2004.05.04"]

1. d4 d5 2. Nf3 Nf6 3. Bg5 e6 4. e3 Be7 5. c4 O-O 6. Nc3 c6 7. Rc1 Nbd7 8. Bd3 dxc4 9. Bxc4 Nd5 10. Bxe7 Qxe7 11. Bxd5 exd5 12. O-O Nf6 1/2-1/2

[Event "Sao Paulo zt 2.4"]
[Site "Sao Paulo"]
[Date "2001.??.??"]
[Round "9"]
[White "Leitao, Rafael"]
[Black "Pelikian, Jefferson"]
[Result "1/2-1/2"]
[WhiteElo "2587"]
[BlackElo "2415"]
[PlyCount "57"]
[EventDate "2001.06.07"]
[Source "ChessBase"]
[SourceDate "2001.07.03"]

1. d4 e6 2. c4 d5 3. Nc3 Be7 4. Nf3 Nf6 5. Bg5 O-O 6. e3 Nbd7 7. Rc1 c6 8. Bd3 dxc4 9. Bxc4 Nd5 10. Bxe7 Qxe7 11. O-O b6 12. Bd3 Bb7 13. Nxd5 exd5 14. Qa4 a5 15. Rfe1 c5 16. Qa3 Qf6 17. Bb5 Bc6 18. Qa4 Rfc8 19. Red1 Qd6 20. Bxc6 Rxc6 21. e4 dxe4 22. dxc5 Qh6 23. Qxe4 Nxc5 24. Qd5 Re8 25. h3 Qf6 26. Qd4 g6 27. Kf1 Kg7 28. Rc2 Rce6 29. Qxf6+ 1/2-1/2

[Event "Iberoamericain (1er tournoi groupe A)"]
[Site "?"]
[Date "2004.11.19"]
[Round "9.2"]
[White "Cifuentes Parada Roberto"]
[Black "Vera Reynaldo"]
[Result "1/2-1/2"]
[WhiteElo "2540"]
[BlackElo "2461"]
[PlyCount "28"]
[EventDate "2004.??.??"]
[Source "www.chesslib.no"]
[SourceDate "2004.05.04"]

1. d4 d5 2. c4 e6 3. Nc3 Be7 4. Nf3 Nf6 5. Bg5 O-O 6. e3 Nbd7 7. Rc1 c6 8. Bd3 dxc4 9. Bxc4 Nd5 10. Bxe7 Qxe7 11. Ne4 N5f6 12. Ng3 Qb4+ 13. Qd2 Qxd2+ 14. Kxd2 b6 1/2-1/2

[Event "05.OIBayEM Bad Wiessee op"]
[Site "?"]
[Date "2001.11.02"]
[Round "7"]
[White "Kacheishvili Giorgi"]
[Black "Pezerovic Edin"]
[Result "1/2-1/2"]
[WhiteElo "2583"]
[BlackElo "2415"]
[PlyCount "99"]
[EventDate "2001.??.??"]
[Source "www.chesslib.no"]
[SourceDate "2004.05.04"]

1. d4 Nf6 2. c4 e6 3. Nc3 d5 4. Bg5 Be7 5. e3 O-O 6. Nf3 Nbd7 7. Rc1 c6 8. Bd3 dxc4 9. Bxc4 Nd5 10. Bxe7 Qxe7 11. Ne4 b6 12. O-O Bb7 13. Qe2 e5 14. dxe5 Nxe5 15. Bxd5 Nxf3+ 16. Qxf3 cxd5 17. Ng3 Rac8 18. Nf5 Qe5 19. Nd4 g6 20. h4 h5 21. Qf4 Qxf4 22. exf4 Rc4 23. Rcd1 Re8 24. f3 Ba6 25. Rf2 Kg7 26. Rfd2 Kf6 27. Kf2 Re7 28. Re1 Rxe1 29. Kxe1 Bc8 30. Rd1 Be6 31. b3 Rc5 32. Kd2 Bd7 33. Rc1 a5 34. Rg1 Rc8 35. Re1 Rc5 36. Re3 Rc8 37. g3 Rc5 38. a3 Rc8 39. Rc3 Rc5 40. b4 axb4 41. axb4 Rc4 42. Rxc4 dxc4 43. b5 Be6 44. Kc3 Bd5 45. Kb4 Be6 46. Nc6 Bd5 47. Kc3 Bxf3 48. Ne5 Bg2 49. Nxc4 Bf1 50. Nxb6 1/2-1/2

[Event "Bor"]
[Site "Bor"]
[Date "1985.??.??"]
[Round "4"]
[White "Eingorn, Vereslav S"]
[Black "Morovic Fernandez, Ivan E"]
[Result "1-0"]
[WhiteElo "2525"]
[BlackElo "2450"]
[PlyCount "61"]
[EventDate "1985.??.??"]
[Source "www.chesslib.no"]
[SourceDate "2004.05.04"]

1. d4 d5 2. c4 e6 3. Nc3 Nf6 4. Bg5 Be7 5. e3 O-O 6. Rc1 Nbd7 7. Nf3 c6 8. Bd3 dxc4 9. Bxc4 Nd5 10. h4 f6 11. Bf4 Nxf4 12. exf4 Nb6 13. Bb3 Nd5 14. g3 Qe8 15. h5 Bd7 16. Qd3 Rd8 17. Bc2 f5 18. Bb3 Bf6 19. Qe2 Bc8 20. Kf1 Nc7 21. h6 Bxd4 22. Nxd4 Rxd4 23. hxg7 Rf7 24. Qh5 Rxg7 25. Qxf5 Qg6 26. Qe5 Rdd7 27. Ne4 Kh8 28. Nf6 Rd2 29. Nh5 Ne8 30. Nxg7 Nxg7 31. Kg2 1-0

[Event "JUG-chT"]
[Site "Novi Sad"]
[Date "2000.09.03"]
[Round "10"]
[White "Tosic, Miroslav"]
[Black "Raicevic, Vladimir"]
[Result "1/2-1/2"]
[WhiteElo "2507"]
[BlackElo "2461"]
[PlyCount "35"]
[EventDate "2000.08.24"]
[Source "www.chesslib.no"]
[SourceDate "2004.05.04"]

1. d4 d5 2. c4 e6 3. Nf3 Nf6 4. Nc3 Nbd7 5. Bg5 Be7 6. e3 O-O 7. Rc1 c6 8. Bd3 dxc4 9. Bxc4 Nd5 10. Bxe7 Qxe7 11. Qd2 b6 12. O-O Bb7 13. e4 Nxc3 14. bxc3 c5 15. Rfe1 cxd4 16. cxd4 Rac8 17. Bd3 Qa3 18. Rcd1 1/2-1/2

[Event "Vrnjacka Banja zt"]
[Site "Vrnjacka Banja YUG"]
[Date "1972.??.??"]
[Round "3"]
[White "Smejkal, Jan"]
[Black "Malich, Burkhard"]
[Result "1/2-1/2"]
[WhiteElo "2515"]
[BlackElo "2450"]
[PlyCount "60"]
[EventDate "1972.??.??"]
[Source "www.chesslib.no"]
[SourceDate "2004.05.04"]

1. c4 Nf6 2. Nf3 c6 3. Nc3 d5 4. d4 e6 5. Bg5 Nbd7 6. e3 Be7 7. Rc1 O-O 8. Bd3 dxc4 9. Bxc4 Nd5 10. Bxe7 Qxe7 11. O-O Nxc3 12. Rxc3 b6 13. Qc2 h6 14. Bd3 c5 15. Bb5 Bb7 16. Bxd7 Qxd7 17. dxc5 Bxf3 18. gxf3 bxc5 19. Rxc5 Rab8 20. b3 Rfc8 21. Rc1 Rxc5 22. Qxc5 Qd2 23. Qc2 Qd5 24. Qe4 Qd2 25. Rc2 Qd7 26. Rc5 Rd8 27. Qf4 Qd3 28. Kg2 Qg6+ 29. Qg4 Qb1 30. Qh4 Rd2 1/2-1/2

[Event "DSV-Turnier"]
[Site "Berlin East"]
[Date "1982.??.??"]
[Round "12"]
[White "Lukacs, Peter"]
[Black "Lechtynsky, Jiri"]
[Result "1/2-1/2"]
[WhiteElo "2485"]
[BlackElo "2480"]
[PlyCount "33"]
[EventDate "1982.10.??"]
[Source "ChessBase"]

1. d4 Nf6 2. c4 e6 3. Nf3 d5 4. Nc3 Be7 5. Bg5 O-O 6. e3 c6 7. Rc1 Nbd7 8. Bd3 dxc4 9. Bxc4 Nd5 10. Bxe7 Qxe7 11. Ne4 Qb4+ 12. Qd2 Qxd2+ 13. Kxd2 Rd8 14. Ke2 N5f6 15. Nxf6+ Nxf6 16. Bd3 Bd7 17. Rhd1 1/2-1/2

[Event "Stip"]
[Site "Stip"]
[Date "1977.11.??"]
[Round "11"]
[White "Bukic, Enver"]
[Black "Raicevic, Vladimir"]
[Result "1-0"]
[WhiteElo "2490"]
[BlackElo "2470"]
[PlyCount "112"]
[EventDate "1977.11.??"]
[Source "www.chesslib.no"]
[SourceDate "2004.05.04"]

1. Nf3 d5 2. d4 Nf6 3. c4 e6 4. Nc3 Be7 5. Bg5 O-O 6. e3 Nbd7 7. Rc1 c6 8. Bd3 dxc4 9. Bxc4 Nd5 10. Bxe7 Qxe7 11. Ne4 N5f6 12. Nxf6+ Qxf6 13. O-O e5 14. e4 exd4 15. Qxd4 Qxd4 16. Nxd4 Rd8 17. Rfd1 Ne5 18. Bb3 Ng6 19. Rd2 Kf8 20. f3 Ke7 21. Kf2 Bd7 22. Ke3 f6 23. f4 Rac8 24. Rdc2 Kd6 25. Rd2 Ke7 26. h3 c5 27. Nf3 b6 28. Bd5 Bc6 29. Bxc6 Rxd2 30. Nxd2 Rxc6 31. b4 Kd6 32. Nc4+ Kd7 33. Rd1+ Ke7 34. b5 Rc7 35. a4 Rd7 36. Rxd7+ Kxd7 37. f5 Ne7 38. Kf4 g6 39. g4 g5+ 40. Ke3 h6 41. Kd3 Kc7 42. Ne3 Kd6 43. Nc4+ Kc7 44. e5 Nd5 45. Ke4 Nc3+ 46. Kd3 Nd5 47. exf6 Nxf6 48. Ke3 Kd7 49. Kf3 Ke7 50. Ne5 Kd6 51. Nf7+ Kd5 52. Nxh6 Kd4 53. Nf7 c4 54. Nxg5 Kd3 55. Ne6 c3 56. Nf4+ Kd2 1-0

[Event "Bayamo"]
[Site "Bayamo"]
[Date "1985.??.??"]
[Round "8"]
[White "Hernandez, Roman"]
[Black "Garcia Palermo, Carlos"]
[Result "1/2-1/2"]
[WhiteElo "2440"]
[BlackElo "2520"]
[PlyCount "24"]
[EventDate "1985.??.??"]
[Source "ChessBase"]

1. d4 d5 2. Nf3 e6 3. c4 Nf6 4. Nc3 Be7 5. Bg5 O-O 6. e3 Nbd7 7. Rc1 c6 8. Bd3 dxc4 9. Bxc4 Nd5 10. Bxe7 Qxe7 11. Ne4 N7f6 12. Nxf6+ Qxf6 1/2-1/2

[Event "Lido Estensi op"]
[Site "?"]
[Date "2002.06.12"]
[Round "5"]
[White "Naumkin Igor"]
[Black "Dervishi Erald"]
[Result "1/2-1/2"]
[WhiteElo "2433"]
[BlackElo "2523"]
[PlyCount "66"]
[EventDate "2002.??.??"]
[Source "www.chesslib.no"]
[SourceDate "2004.05.04"]

1. d4 Nf6 2. c4 e6 3. Nf3 d5 4. Nc3 Be7 5. Bg5 O-O 6. e3 Nbd7 7. Rc1 c6 8. Bd3 dxc4 9. Bxc4 Nd5 10. Bxe7 Qxe7 11. Ne4 N5f6 12. Ng3 e5 13. O-O exd4 14. Nf5 Qd8 15. N3xd4 Ne5 16. Bb3 g6 17. Ng3 Qe7 18. Qc2 Bd7 19. h3 Rac8 20. f4 c5 21. Ndf5 gxf5 22. fxe5 Qxe5 23. Qf2 Ne4 24. Nxe4 fxe4 25. Qh4 Kg7 26. Rcd1 Be6 27. Bxe6 Qxe6 28. Qg3+ Qg6 29. Qe5+ f6 30. Rd7+ Rf7 31. Qd5 Rc7 32. Rxf7+ Qxf7 33. Qxe4 Re7 1/2-1/2

[Event "Pancevo"]
[Site "Pancevo"]
[Date "1985.??.??"]
[Round "3"]
[White "Rodriguez Cespedes, Amador"]
[Black "Morovic Fernandez, Ivan E"]
[Result "1/2-1/2"]
[WhiteElo "2505"]
[BlackElo "2450"]
[PlyCount "37"]
[EventDate "1985.??.??"]
[Source "www.chesslib.no"]
[SourceDate "2004.05.04"]

1. d4 d5 2. c4 e6 3. Nf3 Nf6 4. Nc3 Be7 5. Bg5 O-O 6. e3 Nbd7 7. Rc1 c6 8. Bd3 dxc4 9. Bxc4 Nd5 10. Bxe7 Qxe7 11. O-O Rd8 12. Qc2 Nxc3 13. Qxc3 b6 14. Qc2 Bb7 15. Bd3 Nf6 16. Rfd1 Rdc8 17. Qe2 c5 18. Ba6 Ne4 19. Bxb7 1/2-1/2

[Event "HUN-ch"]
[Site "HUN"]
[Date "1973.??.??"]
[Round "?"]
[White "Bilek, Istvan"]
[Black "Lengyel, Levente"]
[Result "1/2-1/2"]
[WhiteElo "2500"]
[BlackElo "2450"]
[PlyCount "47"]
[EventDate "1973.??.??"]
[Source "ChessBase"]

1. d4 e6 2. c4 Nf6 3. Nf3 d5 4. Nc3 Be7 5. Bg5 O-O 6. e3 Nbd7 7. Rc1 c6 8. Bd3 dxc4 9. Bxc4 Nd5 10. Bxe7 Qxe7 11. Ne4 N5f6 12. Nxf6+ Qxf6 13. O-O e5 14. Bb3 exd4 15. Qxd4 Qxd4 16. Nxd4 Nb6 17. Rfd1 Bd7 18. f3 Rfd8 19. Kf2 Kf8 20. e4 g6 21. a3 Ke7 22. Ke3 Be8 23. Ne2 Rxd1 24. Rxd1 1/2-1/2

[Event "Budapest FS07 GM"]
[Site "Budapest HUN"]
[Date "1995.??.??"]
[Round "?"]
[White "Lukacs, Peter"]
[Black "Csom, Istvan"]
[Result "1/2-1/2"]
[WhiteElo "2490"]
[BlackElo "2455"]
[PlyCount "28"]
[EventDate "1995.07.??"]
[Source "www.chesslib.no"]
[SourceDate "2004.05.04"]

1. d4 Nf6 2. c4 e6 3. Nc3 d5 4. Bg5 Be7 5. e3 Nbd7 6. Nf3 O-O 7. Rc1 c6 8. Bd3 dxc4 9. Bxc4 Nd5 10. Bxe7 Qxe7 11. Ne4 Qb4+ 12. Qd2 Qxd2+ 13. Kxd2 N5f6 14. Ng3 Rd8 1/2-1/2

[Event "Paks 09 GM"]
[Site "Paks"]
[Date "1999.09.25"]
[Round "5"]
[White "Bu Xiangzhi"]
[Black "Kulaots, Kaido"]
[Result "1/2-1/2"]
[WhiteElo "2465"]
[BlackElo "2478"]
[PlyCount "37"]
[EventDate "1999.09.21"]
[Source "www.chesslib.no"]
[SourceDate "2004.05.04"]

1. d4 Nf6 2. c4 e6 3. Nc3 d5 4. Bg5 Be7 5. e3 O-O 6. Nf3 Nbd7 7. Rc1 c6 8. Bd3 dxc4 9. Bxc4 Nd5 10. Bxe7 Qxe7 11. O-O b6 12. Bd3 Bb7 13. Nxd5 exd5 14. Qc2 g6 15. e4 c5 16. Rfe1 dxe4 17. Bxe4 Bxe4 18. Rxe4 Qf6 19. Qd2 1/2-1/2

[Event "1 Copa C.D.P"]
[Site "Quito"]
[Date "2003.10.14"]
[Round "1"]
[White "Medina, Miguel"]
[Black "Mieles Palau, Daniel"]
[Result "1/2-1/2"]
[WhiteElo "2474"]
[BlackElo "2468"]
[PlyCount "38"]
[EventDate "2003.10.14"]
[Source "Roberto Alvarez"]
[SourceDate "2004.09.15"]

1. d4 Nf6 2. c4 e6 3. Nc3 d5 4. Nf3 Be7 5. Bg5 O-O 6. e3 c6 7. Rc1 Nbd7 8. Bd3 dxc4 9. Bxc4 Nd5 10. Bxe7 Qxe7 11. Ne4 N5f6 12. Ng3 c5 13. O-O cxd4 14. exd4 Nb6 15. Bb3 Nbd5 16. Re1 b6 17. Bxd5 Nxd5 18. a3 Bb7 19. Qd2 Rac8 1/2-1/2

[Event "Hockenheim simultan"]
[Site "?"]
[Date "1994.??.??"]
[Round "?"]
[White "Karpov, Anatoly"]
[Black "Kindsvogel, Robert"]
[Result "1/2-1/2"]
[WhiteElo "2740"]
[BlackElo "2195"]
[PlyCount "82"]
[EventDate "1994.??.??"]
[Source "www.chesslib.no"]
[SourceDate "2004.05.04"]

1. d4 Nf6 2. c4 e6 3. Nf3 d5 4. Nc3 Be7 5. Bg5 O-O 6. e3 Nbd7 7. Rc1 c6 8. Bd3 dxc4 9. Bxc4 Nd5 10. Bxe7 Qxe7 11. O-O Nxc3 12. Rxc3 Rd8 13. Qc2 h6 14. a3 Nf6 15. Ne5 Nd5 16. Rb3 c5 17. Rd1 cxd4 18. Rxd4 Qc7 19. f4 Bd7 20. Bd3 Qa5 21. Qe2 Qc5 22. Qc2 Qa5 23. Bh7+ Kf8 24. Qd2 Qxd2 25. Rxd2 Bc6 26. Rbd3 Bb5 27. Rd4 Rdc8 28. Be4 Rc1+ 29. Kf2 Rf1+ 30. Kg3 Nxe3 31. Rb4 a6 32. Bxb7 Nf5+ 33. Kh3 Ra7 34. Bf3 g5 35. a4 Be8 36. Rb8 f6 37. Rdd8 Ng7 38. Ng6+ Kf7 39. Nh8+ Ke7 40. fxg5 hxg5 41. Bc6 Bxc6 1/2-1/2